[Event "Polanica Zdroj op-B 43rd"]
[Site "Polanica Zdroj"]
[Date "2007.08.20"]
[Round "4"]
[White "Twardowski, Edward"]
[Black "Knap, Jerzy"]
[Result "0-1"]
[WhiteElo "1834"]
[BlackElo "1976"]
[PlyCount "93"]
[EventDate "2007.08.17"]
[EventType "swiss"]
[EventRounds "10"]
[EventCountry "POL"]
[SourceTitle "CBM 120 Extra"]
[Source "ChessBase"]
[SourceDate "2007.11.01"]
[SourceVersion "1"]
[SourceVersionDate "2007.11.01"]
[SourceQuality "1"]

1. e4 c6 2. Nf3 d5 3. exd5 cxd5 4. d4 Nf6 5. Bd3 Bg4 6. Nbd2 Nc6 7. c3 e6 8. Qa4 Bxf3 9. Nxf3 Bd6 10. Bb5 Qc7 11. h3 0-0 12. Be3 Ne7 13. Bd3 Ng6 14. 0-0-0 Nf4 15. Bf1 Ne4 16. Qc2 Qa5 17. Kb1 Rfc8 18. c4 Ng6 19. g3 Nf6 20. Bd2 Qc7 21. c5 b6 22. b4 a5 23. Qb2 bxc5 24. dxc5 Be7 25. a3 Ne4 26. Bc3 Nxc3+ 27. Qxc3 axb4 28. axb4 Qa7 29. Rd2 Bf6 30. Nd4 Ne5 31. Nb5 Qa4 32. Nd4 Nc6 33. Bb5 Qxb4+ 34. Qxb4 Nxb4 35. Rc1 Rcb8 36. Be2 Nd3+ 37. Kc2 Nxc1 38. Kxc1 Ra1+ 39. Kc2 Ra2+ 40. Kd3 Rxd2+ 41. Kxd2 Bxd4 42. c6 Bxf2 43. g4 Bg3 44. Kc2 Rb6 45. c7 Bxc7 46. Kd3 Rb3+ 47. Kd4 0-1

[Event "Polanica Zdroj op-B 43rd"]
[Site "Polanica Zdroj"]
[Date "2007.08.19"]
[Round "3"]
[White "Mucha, Magdalena"]
[Black "Twardowski, Edward"]
[Result "0-1"]
[WhiteElo "1748"]
[BlackElo "1834"]
[PlyCount "74"]
[EventDate "2007.08.17"]
[EventType "swiss"]
[EventRounds "10"]
[EventCountry "POL"]
[SourceTitle "CBM 120 Extra"]
[Source "ChessBase"]
[SourceDate "2007.11.01"]
[SourceVersion "1"]
[SourceVersionDate "2007.11.01"]
[SourceQuality "1"]

1. e4 c5 2. Nf3 d6 3. d4 cxd4 4. Nxd4 Nf6 5. Nc3 a6 6. Be3 e5 7. Nb3 Be7 8. Be2 0-0 9. 0-0 b5 10. Nd5 Nbd7 11. Nxe7+ Qxe7 12. Bf3 Nc5 13. Nxc5 dxc5 14. Qe2 Be6 15. Bg5 Bc4 16. Qe3 Bxf1 17. Rxf1 Rfc8 18. Rd1 Rd8 19. Rxd8+ Rxd8 20. Bxf6 gxf6 21. Bg4 c4 22. h3 Rd6 23. Bf5 Qf8 24. Kh2 Rd4 25. Qe2 Qh6 26. g3 Rd2 27. Qg4+ Qg5 28. Qf3 Rxc2 29. h4 Qh6 30. Kg2 b4 31. Qd1 Rd2 32. Qf1 Qe3 33. a3 bxa3 34. bxa3 c3 35. Qxa6 Qxf2+ 36. Kh3 Qg2+ 37. Kg4 Qe2+ 0-1

[Event "Kowalewo Pomorskie op-B"]
[Site "Kowalewo Pomorskie"]
[Date "2007.07.14"]
[Round "7.25"]
[White "Bultrowicz, Leszek"]
[Black "Twardowski, Edward"]
[Result "1-0"]
[WhiteElo "1814"]
[BlackElo "1834"]
[PlyCount "103"]
[EventDate "2007.07.04"]
[EventType "swiss"]
[EventRounds "9"]
[EventCountry "POL"]
[SourceTitle "EXT 2023"]
[Source "ChessBase"]
[SourceDate "2022.10.05"]
[SourceVersion "1"]
[SourceVersionDate "2022.10.05"]
[SourceQuality "1"]

1. d4 f5 2. c4 Nf6 3. Nc3 g6 4. Nf3 Bg7 5. d5 0-0 6. Qc2 c6 7. e4 fxe4 8. Nxe4 Nxe4 9. Qxe4 d6 10. Bd3 Bf5 11. Qe2 Bg4 12. 0-0 Nd7 13. h3 Bxf3 14. gxf3 Ne5 15. Be4 c5 16. f4 Nd7 17. f5 gxf5 18. Bc2 Ne5 19. f4 Ng6 20. Qe6+ Kh8 21. Bxf5 Rf6 22. Qe4 Qf8 23. Bg4 Ne5 24. Bd2 Nxg4 25. hxg4 Rf7 26. Rab1 Bd4+ 27. Kg2 Qg7 28. g5 Kg8 29. b4 b6 30. Rh1 Qg6 31. Qxg6+ hxg6 32. bxc5 dxc5 33. Rh6 Rg7 34. Kg3 Rd8 35. Re1 Rd6 36. a4 Kf7 37. Kg4 a6 38. Rh8 b5 39. axb5 axb5 40. cxb5 Rb6 41. Rb1 Rg8 42. Rxg8 Kxg8 43. Ba5 Rb7 44. f5 Kf7 45. b6 Be5 46. Re1 gxf5+ 47. Kxf5 Bd6 48. g6+ Kg7 49. Bc3+ Kf8 50. Rh1 Ke8 51. Ke6 Be5 52. Bxe5 1-0

[Event "Kowalewo Pomorskie op-B"]
[Site "Kowalewo Pomorskie"]
[Date "2007.07.04"]
[Round "1.26"]
[White "Kantorek, Pawel"]
[Black "Twardowski, Edward"]
[Result "0-1"]
[WhiteElo "1726"]
[BlackElo "1834"]
[PlyCount "48"]
[EventDate "2007.07.04"]
[EventType "swiss"]
[EventRounds "9"]
[EventCountry "POL"]
[SourceTitle "EXT 2023"]
[Source "ChessBase"]
[SourceDate "2022.10.05"]
[SourceVersion "1"]
[SourceVersionDate "2022.10.05"]
[SourceQuality "1"]

1. e4 e5 2. Nf3 f5 3. Nxe5 Nc6 4. Nxc6 dxc6 5. exf5 Bxf5 6. d3 Qd7 7. Be3 0-0-0 8. Be2 c5 9. Nd2 Nf6 10. 0-0 h6 11. Nc4 Bd6 12. Nxd6+ Qxd6 13. g3 g5 14. f3 Bh3 15. Re1 Rhe8 16. Qd2 Be6 17. Rad1 Bd5 18. Rf1 Qe5 19. Kf2 Qf5 20. Kg2 Qe6 21. Kf2 Qh3 22. Kg1 Ng4 23. Rf2 Nxe3 24. Bf1 Nxf1 0-1

[Event "POL-ch disabled"]
[Site "Chotowa"]
[Date "2007.05.29"]
[Round "6.14"]
[White "Twardowski, Edward"]
[Black "Mika, Tomasz1111"]
[Result "1/2-1/2"]
[WhiteElo "1873"]
[BlackElo "2024"]
[PlyCount "82"]
[EventDate "2007.05.26"]
[EventType "swiss"]
[EventRounds "9"]
[EventCountry "POL"]
[SourceTitle "EXT 2023"]
[Source "ChessBase"]
[SourceDate "2022.10.05"]
[SourceVersion "1"]
[SourceVersionDate "2022.10.05"]
[SourceQuality "1"]

1. c4 c5 2. Nc3 Nf6 3. Nf3 d6 4. d4 cxd4 5. Nxd4 Nc6 6. e3 g6 7. Be2 Bg7 8. 0-0 Bd7 9. Bf3 Rc8 10. b3 0-0 11. Bb2 Nxd4 12. exd4 b6 13. Qd2 Be6 14. d5 Bd7 15. Rfe1 Re8 16. Rad1 Qc7 17. Ne4 Nxe4 18. Bxe4 Bxb2 19. Qxb2 b5 20. Bd3 Rb8 21. Rc1 b4 22. Qd2 a5 23. Re4 Bf5 24. Rh4 Bxd3 25. Qxd3 e6 26. dxe6 Rxe6 27. Re4 Rbe8 28. Rxe6 Rxe6 29. g3 Qe7 30. Rd1 Re1+ 31. Rxe1 Qxe1+ 32. Kg2 Qe5 33. Qd5 Qxd5+ 34. cxd5 f5 35. Kf3 Kf7 36. Ke3 g5 37. h3 Kf6 38. f4 gxf4+ 39. gxf4 Kg6 40. Kf3 Kh5 41. Kg3 h6 1/2-1/2

[Event "POL-ch disabled"]
[Site "Chotowa"]
[Date "2007.05.28"]
[Round "3.21"]
[White "Janus, Radoslaw"]
[Black "Twardowski, Edward"]
[Result "1-0"]
[WhiteElo "1773"]
[BlackElo "1873"]
[PlyCount "101"]
[EventDate "2007.05.26"]
[EventType "swiss"]
[EventRounds "9"]
[EventCountry "POL"]
[SourceTitle "EXT 2023"]
[Source "ChessBase"]
[SourceDate "2022.10.05"]
[SourceVersion "1"]
[SourceVersionDate "2022.10.05"]
[SourceQuality "1"]

1. e4 e6 2. d4 d5 3. Nc3 Bb4 4. Bd2 c5 5. dxc5 d4 6. Nce2 Bxc5 7. Nf3 Nc6 8. e5 Nge7 9. Ng3 Qc7 10. Bb5 Bd7 11. Qe2 Ng6 12. Bxc6 Bxc6 13. Ne4 Bxe4 14. Qxe4 Qb6 15. 0-0 Rd8 16. a3 0-0 17. b4 Be7 18. Rfb1 f6 19. a4 fxe5 20. Nxe5 Nxe5 21. Qxe5 Bf6 22. Qe1 e5 23. Qe4 Qc7 24. f4 Rfe8 25. f5 b6 26. b5 Qc5 27. Kh1 Qd5 28. Qe2 Rc8 29. Qd1 Qe4 30. c3 dxc3 31. Qb3+ Kh8 32. Bxc3 Qxf5 33. a5 Rxc3 34. Qxc3 e4 35. Qc6 Rc8 36. Rf1 Qc5 37. Qxc5 bxc5 38. Rae1 Bc3 39. Rxe4 Bxa5 40. Re6 Bb6 41. Rc6 Rd8 42. h3 Kg8 43. Re6 g6 44. Re7 Rd5 45. Rff7 Rh5 46. Rg7+ Kf8 47. Ref7+ Ke8 48. Rb7 Rf5 49. Rb8+ Bd8 50. Rg8+ Ke7 51. Rgxd8 1-0

[Event "IPCA Wch-B 8th"]
[Site "Wisla"]
[Date "2007.05.20"]
[Round "6"]
[White "Twardowski, Edward"]
[Black "Zareba, Zbigniew"]
[Result "0-1"]
[WhiteElo "1873"]
[BlackElo "1874"]
[PlyCount "72"]
[EventDate "2007.05.15"]
[EventType "swiss"]
[EventRounds "9"]
[EventCountry "POL"]
[SourceTitle "EXT 2011"]
[Source "ChessBase"]
[SourceDate "2010.11.26"]
[SourceVersion "1"]
[SourceVersionDate "2010.11.26"]
[SourceQuality "1"]

1. g3 e5 2. Bg2 Nc6 3. e3 Nf6 4. Ne2 d5 5. d4 e4 6. f3 Bb4+ 7. c3 exf3 8. Bxf3 Bd6 9. 0-0 0-0 10. Nf4 Bxf4 11. exf4 Bh3 12. Re1 Qd7 13. Nd2 Rfe8 14. Nf1 Rxe1 15. Qxe1 Re8 16. Qd1 Na5 17. Ne3 b6 18. b4 Nb7 19. Qd3 c6 20. Bb2 Ne4 21. Rc1 b5 22. Ra1 Qe6 23. Re1 f5 24. a4 a6 25. a5 Nbd6 26. Qe2 Re7 27. Ba1 g5 28. fxg5 Rg7 29. Bg2 Bxg2 30. Kxg2 Rxg5 31. Rf1 h5 32. Rf4 Nc4 33. Nxc4 bxc4 34. Qe3 Qh6 35. Qf3 h4 36. Rxh4 Qxh4 0-1